000 00191nam a2200085Ia 4500
008 250605s9999 xx 000 0 und d
041 _aeng
100 _aVineet Sharma
245 _aTriveni Ethnics
999 _c44255
_d44255